000 00710nam a2200193Ia 4500
008 220216s9999 xx 000 0 und d
100 _aSingh R.P
245 0 _aImpact of establishing rubber nurseries for long period on soil health management under the rubber growing nurseries of Meghalaya
260 _bIn: Sustainable Farming and Soil Health Management. (Eds. Sanjay Arora and Suraj Bhan). Soil Conservation Society of India, New Delhi, India, pp. 96-105.
500 _aSource Year: 2017
650 _aMeghalaya
650 _aRubber nurseries
650 _aSoil health management
700 _aChoudhury M
700 _aJacob J
700 _aReju M.J
856 _uCopy of article
942 _cJS
999 _c60737
_d60737